[Event "HUN-chT 2122"]
[Site "Hungary"]
[Date "2021.12.05"]
[Round "3.6"]
[White "Juhasz, Kristof"]
[Black "Gal, Tamas"]
[Result "1-0"]
[WhiteElo "2483"]
[BlackElo "2260"]
[PlyCount "67"]
[EventDate "2021.10.10"]
[EventType "team-tourn"]
[EventRounds "9"]
[EventCountry "HUN"]
[SourceTitle "EXT 2023"]
[Source "ChessBase"]
[SourceDate "2022.10.05"]
[SourceVersion "1"]
[SourceVersionDate "2022.10.05"]
[SourceQuality "1"]
[WhiteTeam "Biatorbagy"]
[BlackTeam "Maroczy"]
[WhiteTeamCountry "HUN"]
[BlackTeamCountry "HUN"]

1. Nf3 d5 2. g3 Nf6 3. Bg2 Bf5 4. 0-0 e6 5. c4 c6 6. Qb3 Qb6 7. d3 h6 8. Qc2 Na6 9. a3 Be7 10. Nbd2 0-0 11. b4 Bh7 12. Bb2 Qd8 13. e4 Nc7 14. Bc3 Nd7 15. Rfe1 Bf6 16. Nb3 Bxc3 17. Qxc3 Qf6 18. Qxf6 Nxf6 19. exd5 cxd5 20. Ne5 Rfd8 21. Na5 Rab8 22. c5 Nd7 23. Nxd7 Rxd7 24. Nxb7 Bxd3 25. c6 Re7 26. a4 Na6 27. b5 Nb4 28. Rac1 Rc7 29. Nc5 Bc4 30. Bf1 Bxf1 31. Kxf1 a6 32. Nd7 Rd8 33. b6 Rxc6 34. b7 1-0

[Event "HUN-chT 1920"]
[Site "Hungary"]
[Date "2020.03.08"]
[Round "7.8"]
[White "Tatar Kis, Szabolcs"]
[Black "Gal, Tamas"]
[Result "1/2-1/2"]
[WhiteElo "2376"]
[BlackElo "2273"]
[PlyCount "86"]
[EventDate "2019.11.16"]
[EventType "team-tourn"]
[EventRounds "9"]
[EventCountry "HUN"]
[SourceTitle "CBM 195 Extra"]
[Source "ChessBase"]
[SourceDate "2020.05.31"]
[SourceVersion "1"]
[SourceVersionDate "2020.05.31"]
[SourceQuality "1"]
[WhiteTeam "Mako Duocor"]
[BlackTeam "Maroczy"]
[WhiteTeamCountry "HUN"]
[BlackTeamCountry "HUN"]

1. Nf3 d5 2. c4 d4 3. g3 Nf6 4. Bg2 c5 5. e3 Nc6 6. exd4 cxd4 7. 0-0 e6 8. d3 Be7 9. Bg5 0-0 10. Bxf6 Bxf6 11. Nbd2 Rb8 12. a3 a5 13. c5 Be7 14. Rc1 b6 15. cxb6 Qxb6 16. Nc4 Qa7 17. Qd2 Bb7 18. Rfe1 Rfd8 19. Qd1 a4 20. Nfe5 Nxe5 21. Rxe5 Bd5 22. Bxd5 Rxd5 23. Qe2 Bf6 24. Re4 g6 25. h4 h5 26. Re1 Bg7 27. Qf3 Rbb5 28. R4e2 Qc7 29. Rc2 Qb8 30. Kh2 Rbc5 31. Qe2 Qb3 32. Rec1 e5 33. Qd1 Rb5 34. Re2 Bh6 35. Qxb3 Rxb3 36. Rd1 Bg7 37. Kg2 f6 38. f4 exf4 39. gxf4 Bh6 40. Re8+ Kh7 41. Re7+ Kg8 42. Re8+ Kh7 43. Re7+ Kg8 1/2-1/2

[Event "HUN-chT 1920"]
[Site "Hungary"]
[Date "2020.02.16"]
[Round "6.8"]
[White "Gal, Tamas"]
[Black "Gara, Anita"]
[Result "1/2-1/2"]
[WhiteElo "2273"]
[BlackElo "2366"]
[PlyCount "109"]
[EventDate "2019.11.16"]
[EventType "team-tourn"]
[EventRounds "9"]
[EventCountry "HUN"]
[SourceTitle "CBM 195 Extra"]
[Source "ChessBase"]
[SourceDate "2020.05.31"]
[SourceVersion "1"]
[SourceVersionDate "2020.05.31"]
[SourceQuality "1"]
[WhiteTeam "Maroczy"]
[BlackTeam "Morihana"]
[WhiteTeamCountry "HUN"]
[BlackTeamCountry "HUN"]

1. d4 Nf6 2. Nf3 g6 3. c4 Bg7 4. Nc3 d5 5. Bg5 Ne4 6. Bh4 Nxc3 7. bxc3 dxc4 8. Qa4+ Nd7 9. Qxc4 Nb6 10. Qb4 Bd7 11. e3 Rc8 12. Be2 c5 13. Qa3 Na4 14. 0-0 0-0 15. Rab1 cxd4 16. Bxe7 Qc7 17. Bd6 Qxc3 18. Rb3 Qa5 19. Nxd4 Rfe8 20. Nb5 Qd2 21. Bf3 Bxb5 22. Rxb5 Nb6 23. Rd1 Qc2 24. Qb3 Red8 25. g3 Bf8 26. Bxf8 Qxb3 27. Rxb3 Rxd1+ 28. Bxd1 Kxf8 29. Kg2 Ke7 30. Bf3 Rc7 31. h4 Ke6 32. h5 Nd5 33. hxg6 hxg6 34. Rd3 Nb4 35. Rb3 a5 36. a3 Nc6 37. Rb5 a4 38. Bd1 Ne5 39. Bxa4 f6 40. Bb3+ Kd6 41. f4 Nd7 42. Bf7 g5 43. Kf3 gxf4 44. gxf4 Rc3 45. a4 Nc5 46. a5 Ra3 47. Bg8 Ra1 48. Bh7 Ra3 49. Bc2 Rc3 50. Be4 Rb3 51. Rxb3 Nxb3 52. Bxb7 Nxa5 53. Be4 Nc4 54. Bd3 Nb6 55. e4 1/2-1/2

[Event "HUN-chT 1920"]
[Site "Hungary"]
[Date "2019.12.15"]
[Round "4.9"]
[White "Borhy, Marcell Boldizsar"]
[Black "Gal, Tamas"]
[Result "1-0"]
[WhiteElo "2228"]
[BlackElo "2273"]
[PlyCount "77"]
[EventDate "2019.11.16"]
[EventType "team-tourn"]
[EventRounds "9"]
[EventCountry "HUN"]
[SourceTitle "CBM 193 Extra"]
[Source "ChessBase"]
[SourceDate "2020.01.31"]
[SourceVersion "1"]
[SourceVersionDate "2020.01.31"]
[SourceQuality "1"]
[WhiteTeam "HVSE Infraplan"]
[BlackTeam "Maroczy"]
[WhiteTeamCountry "HUN"]
[BlackTeamCountry "HUN"]

1. d4 d5 2. Nf3 Nf6 3. c4 c6 4. Nc3 a6 5. cxd5 cxd5 6. Bf4 Nc6 7. Rc1 Bf5 8. e3 Rc8 9. Be2 e6 10. 0-0 Bd6 11. Bxd6 Qxd6 12. Qb3 Qb8 13. Qa3 Qc7 14. Ne5 Qe7 15. Na4 Qxa3 16. bxa3 Ke7 17. Nb6 Rc7 18. Bxa6 Rb8 19. Bb5 Kd6 20. Na4 Ne8 21. Bxc6 bxc6 22. g4 Bg6 23. Rc3 Rb1 24. Nc5 Rxf1+ 25. Kxf1 f6 26. Nxg6 hxg6 27. a4 Ra7 28. Rb3 Ra8 29. a5 Nc7 30. Rb6 e5 31. a4 Rc8 32. a6 Ra8 33. Rb7 g5 34. a7 g6 35. Ke2 f5 36. gxf5 gxf5 37. dxe5+ Kxc5 38. Rxc7 g4 39. Rd7 1-0

[Event "HUN-chT 1920"]
[Site "Hungary"]
[Date "2019.12.01"]
[Round "3.8"]
[White "Gal, Tamas"]
[Black "Toth, Ervin"]
[Result "0-1"]
[WhiteElo "2273"]
[BlackElo "2439"]
[PlyCount "112"]
[EventDate "2019.11.16"]
[EventType "team-tourn"]
[EventRounds "9"]
[EventCountry "HUN"]
[SourceTitle "CBM 193 Extra"]
[Source "ChessBase"]
[SourceDate "2020.01.31"]
[SourceVersion "1"]
[SourceVersionDate "2020.01.31"]
[SourceQuality "1"]
[WhiteTeam "Maroczy"]
[BlackTeam "Kobanya Aquarena"]
[WhiteTeamCountry "HUN"]
[BlackTeamCountry "HUN"]

1. d4 g6 2. c4 Bg7 3. Nc3 Nf6 4. Bg5 0-0 5. e3 d6 6. Bd3 e5 7. Nge2 h6 8. Bh4 Nc6 9. d5 Ne7 10. Qc2 Nd7 11. e4 g5 12. Bg3 Ng6 13. f3 Nf4 14. Nxf4 exf4 15. Bf2 Qf6 16. h4 g4 17. 0-0-0 g3 18. Be1 c5 19. Ne2 h5 20. Bd2 Bh6 21. Kb1 Ne5 22. Nc1 Bd7 23. Bc3 a6 24. Be2 Qe7 25. b3 b5 26. Bb2 Rab8 27. Nd3 f6 28. Qc1 Rb7 29. Ka1 Rfb8 30. Bc3 Ng6 31. Nb2 b4 32. Bd2 a5 33. Bd3 Qe5 34. Kb1 Bg7 35. Bc2 a4 36. bxa4 b3 37. axb3 f5 38. Ka2 fxe4 39. fxe4 Qxb2+ 40. Qxb2 Bxb2 41. Kxb2 Bxa4 42. Kc3 Rxb3+ 43. Bxb3 Rxb3+ 44. Kc2 Ra3+ 45. Kb2 Rd3 46. Bxf4 Rb3+ 47. Ka2 Nxf4 48. Rdf1 Nd3 49. Rf5 Nb4+ 50. Ka1 Ra3+ 51. Kb1 Bc2+ 52. Kb2 Ra2+ 53. Kc3 Ba4 54. Rg5+ Kh7 55. Rxh5+ Kg6 56. Rg5+ Kh6 0-1

[Event "HUN-chT2 Breyer 1819"]
[Site "Hungary"]
[Date "2019.02.10"]
[Round "5.2"]
[White "Gal, Tamas"]
[Black "Szegi, Tamas"]
[Result "1-0"]
[WhiteElo "2257"]
[BlackElo "2178"]
[PlyCount "65"]
[EventDate "2018.10.28"]
[EventType "team-tourn"]
[EventRounds "9"]
[EventCountry "HUN"]
[SourceTitle "CBM 189 Extra"]
[Source "ChessBase"]
[SourceDate "2019.06.03"]
[SourceVersion "1"]
[SourceVersionDate "2019.06.03"]
[SourceQuality "1"]
[WhiteTeam "Zsambek"]
[BlackTeam "Kisber Aszar"]
[WhiteTeamCountry "HUN"]
[BlackTeamCountry "HUN"]

1. d4 Nf6 2. Nf3 g6 3. Bg5 Bg7 4. e3 c5 5. c3 Ne4 6. Bh4 d5 7. Nbd2 cxd4 8. cxd4 Nd6 9. Bd3 0-0 10. 0-0 Nc6 11. Rc1 Bg4 12. Qb3 Qa5 13. Rc5 Qb6 14. Rfc1 Rfe8 15. Bb5 Bd7 16. Bd3 Qxb3 17. Nxb3 Nb4 18. Bb1 Bc6 19. a3 Na6 20. R5c3 Nc4 21. Bd3 b5 22. Nbd2 Bb7 23. Nxc4 dxc4 24. Be2 Nc7 25. R3c2 Nd5 26. Bg3 f6 27. Nd2 e5 28. dxe5 fxe5 29. b3 cxb3 30. Nxb3 a6 31. Nc5 Bc8 32. a4 bxa4 33. Bc4 1-0

[Event "HUN-chT2 Breyer 1718"]
[Site "Hungary"]
[Date "2017.11.26"]
[Round "4.1"]
[White "Gal, Tamas"]
[Black "Nagy, Ervin"]
[Result "0-1"]
[WhiteElo "2236"]
[BlackElo "2193"]
[PlyCount "80"]
[EventDate "2017.09.24"]
[EventType "team-tourn"]
[EventRounds "11"]
[EventCountry "HUN"]
[SourceTitle "EXT 2021"]
[Source "ChessBase"]
[SourceDate "2020.10.23"]
[SourceVersion "1"]
[SourceVersionDate "2020.10.23"]
[SourceQuality "1"]
[WhiteTeam "Zsambek"]
[BlackTeam "Budapest HASE"]
[WhiteTeamCountry "HUN"]
[BlackTeamCountry "HUN"]

1. d4 Nf6 2. c4 c5 3. d5 e6 4. Nc3 d6 5. e4 exd5 6. cxd5 g6 7. Bd3 Bg7 8. h3 0-0 9. Nf3 Nbd7 10. 0-0 Ne8 11. Bg5 f6 12. Be3 Qe7 13. Qd2 Nc7 14. Rab1 a5 15. a3 b6 16. Rfe1 Ba6 17. Bxa6 Rxa6 18. b4 axb4 19. axb4 Rfa8 20. bxc5 bxc5 21. Rb7 Qd8 22. Bf4 Qc8 23. Reb1 Ra1 24. Kh2 Rxb1 25. Rxb1 Qa6 26. Qb2 f5 27. Qb7 Qxb7 28. Rxb7 Bxc3 29. Rxc7 Nf6 30. Bxd6 Ne8 31. e5 Nxc7 32. Bxc7 Ba5 33. Bd6 c4 34. Nd4 Bb6 35. Nb5 Ra5 36. Na3 c3 37. Bb4 Rxd5 38. Bxc3 Bxf2 39. Nb1 Rd1 40. Na3 Rd3 0-1

[Event "HUN-chT2 Breyer 1718"]
[Site "Hungary"]
[Date "2017.10.29"]
[Round "3.1"]
[White "Dupsky, Laszlo"]
[Black "Gal, Tamas"]
[Result "1/2-1/2"]
[WhiteElo "2226"]
[BlackElo "2236"]
[PlyCount "65"]
[EventDate "2017.09.24"]
[EventType "team-tourn"]
[EventRounds "11"]
[EventCountry "HUN"]
[SourceTitle "EXT 2021"]
[Source "ChessBase"]
[SourceDate "2020.10.23"]
[SourceVersion "1"]
[SourceVersionDate "2020.10.23"]
[SourceQuality "1"]
[WhiteTeam "Torokbalint"]
[BlackTeam "Zsambek"]
[WhiteTeamCountry "HUN"]
[BlackTeamCountry "HUN"]

1. d4 d5 2. Nf3 Nf6 3. Bf4 c6 4. c3 Bf5 5. e3 e6 6. Bd3 Bg6 7. Ne5 Nbd7 8. h4 Nxe5 9. Bxe5 Bd6 10. f4 Bxe5 11. fxe5 Bxd3 12. Qxd3 Ne4 13. Nd2 Nxd2 14. Kxd2 0-0 15. g4 f6 16. exf6 Rxf6 17. Raf1 Rxf1 18. Qxf1 Qa5 19. a3 Rf8 20. Qe2 Qc7 21. Qg2 Qb6 22. Kc2 Qb5 23. Re1 Qc4 24. Re2 Qa4+ 25. Kc1 Qb5 26. Rf2 Qd3 27. Rxf8+ Kxf8 28. Qf3+ Ke7 29. Qf4 Qe4 30. Qc7+ Kf6 31. Qd8+ Kf7 32. Qd7+ Kf6 33. Qd8+ 1/2-1/2

[Event "HUN-chT2 Breyer 1617"]
[Site "Hungary"]
[Date "2017.02.12"]
[Round "6.1"]
[White "Gal, Tamas"]
[Black "Bokros, Albert"]
[Result "1/2-1/2"]
[WhiteElo "2194"]
[BlackElo "2491"]
[PlyCount "83"]
[EventDate "2016.10.30"]
[EventType "team-tourn"]
[EventRounds "9"]
[EventCountry "HUN"]
[SourceTitle "EXT 2021"]
[Source "ChessBase"]
[SourceDate "2020.10.23"]
[SourceVersion "1"]
[SourceVersionDate "2020.10.23"]
[SourceQuality "1"]
[WhiteTeam "Zsambek"]
[BlackTeam "Biatorbagy"]
[WhiteTeamCountry "HUN"]
[BlackTeamCountry "HUN"]

1. d4 e6 2. c4 b6 3. a3 Bb7 4. Nc3 f5 5. d5 Be7 6. g3 Bf6 7. Qc2 Bxc3+ 8. Qxc3 Nf6 9. Bg2 0-0 10. Nh3 Qe8 11. 0-0 e5 12. f4 e4 13. Be3 h6 14. Nf2 d6 15. Bd4 Nbd7 16. Nd1 Qh5 17. Ne3 Kh7 18. b4 Rf7 19. Qc2 Ng4 20. Nxg4 Qxg4 21. e3 Qh5 22. Kh1 Nf6 23. Qd1 Qg6 24. Rg1 Rff8 25. Bh3 Bc8 26. Qe2 Bd7 27. Qb2 Ng4 28. Qe2 Nf6 29. Qb2 a5 30. b5 Qh5 31. Bf1 Ng4 32. Qg2 Qf7 33. Be2 Nf6 34. Raf1 Rae8 35. a4 Re7 36. Bd1 Qg6 37. Qb2 Kg8 38. Rg2 Qf7 39. Bxf6 Qxf6 40. Qxf6 Rxf6 41. g4 fxg4 42. Bxg4 1/2-1/2

[Event "HUN-chT2 Breyer 1617"]
[Site "Hungary"]
[Date "2016.11.27"]
[Round "3.1"]
[White "Horvath, Andras"]
[Black "Gal, Tamas"]
[Result "1/2-1/2"]
[WhiteElo "2282"]
[BlackElo "2194"]
[PlyCount "97"]
[EventDate "2016.10.30"]
[EventType "team-tourn"]
[EventRounds "9"]
[EventCountry "HUN"]
[SourceTitle "EXT 2021"]
[Source "ChessBase"]
[SourceDate "2020.10.23"]
[SourceVersion "1"]
[SourceVersionDate "2020.10.23"]
[SourceQuality "1"]
[WhiteTeam "Budapest MLTC"]
[BlackTeam "Zsambek"]
[WhiteTeamCountry "HUN"]
[BlackTeamCountry "HUN"]

1. e4 c6 2. d4 d5 3. Nc3 dxe4 4. Nxe4 Nf6 5. Nxf6+ exf6 6. c3 Bd6 7. Bd3 0-0 8. Ne2 Re8 9. Qc2 f5 10. Bxf5 Bxf5 11. Qxf5 Nd7 12. Be3 Nf6 13. 0-0 Qb6 14. b4 Qa6 15. Qf3 Nd5 16. Rfd1 Qc4 17. a3 Re6 18. Ng3 Nxc3 19. d5 Nxd5 20. Nf5 Be5 21. Bd4 Bxd4 22. Rxd4 Qe2 23. Qxe2 Rxe2 24. b5 Re5 25. Nd6 cxb5 26. f4 Nc3 27. Rb4 Rd5 28. Nxb7 Rb8 29. Na5 Re8 30. Rb2 Ne2+ 31. Kh1 Nxf4 32. h3 g5 33. Nc6 a6 34. a4 Nd3 35. Rd2 Kg7 36. axb5 axb5 37. Rad1 Re6 38. Na7 Red6 39. Kh2 b4 40. Nc8 Rd8 41. Ne7 Rb5 42. Rxd3 Rxd3 43. Rxd3 b3 44. Rd1 b2 45. Rb1 Kf6 46. Nc6 Rb6 47. Na5 Rb4 48. Nc6 Rc4 49. Na7 1/2-1/2

[Event "HUN-chT2 Breyer 1617"]
[Site "Hungary"]
[Date "2016.10.30"]
[Round "1.1"]
[White "Lyell, Mark"]
[Black "Gal, Tamas"]
[Result "1-0"]
[WhiteElo "2193"]
[BlackElo "2194"]
[PlyCount "97"]
[EventDate "2016.10.30"]
[EventType "team-tourn"]
[EventRounds "9"]
[EventCountry "HUN"]
[SourceTitle "EXT 2021"]
[Source "ChessBase"]
[SourceDate "2020.10.23"]
[SourceVersion "1"]
[SourceVersionDate "2020.10.23"]
[SourceQuality "1"]
[WhiteTeam "Budapest MTK II"]
[BlackTeam "Zsambek"]
[WhiteTeamCountry "HUN"]
[BlackTeamCountry "HUN"]

1. e4 c6 2. d4 d5 3. exd5 cxd5 4. Bd3 Nc6 5. c3 Qc7 6. Bg5 e5 7. dxe5 Qxe5+ 8. Qe2 Bg4 9. Qxe5+ Nxe5 10. Bc2 Bc5 11. Nd2 Ne7 12. Nb3 Bb6 13. Ne2 Bxe2 14. Kxe2 Nc4 15. Rab1 h6 16. Bh4 g5 17. Bg3 f5 18. h4 Kf7 19. Rhd1 Rad8 20. Nd4 f4 21. Bh2 Kf6 22. g3 Bxd4 23. Rxd4 Nc6 24. Rdd1 f3+ 25. Kxf3 N6e5+ 26. Kg2 g4 27. Rd4 h5 28. Re1 Rhf8 29. b3 Na3 30. Bd1 Nb5 31. Rf4+ Ke6 32. f3 Kd6 33. Rxf8 Rxf8 34. f4 Nd7 35. c4 Nc3 36. Bg1 Rc8 37. Bc2 Nxa2 38. Bf5 Nb4 39. Re6+ Kc7 40. Re7 Rd8 41. Bxa7 Nc6 42. Bb6+ Kxb6 43. Rxd7 Rxd7 44. Bxd7 dxc4 45. bxc4 Kc5 46. Be8 Kxc4 47. Bxh5 b5 48. Bxg4 b4 49. h5 1-0

[Event "HUN-chT2 Breyer 1516"]
[Site "Hungary"]
[Date "2016.03.20"]
[Round "9.1"]
[White "Gal, Tamas"]
[Black "Bokros, Albert"]
[Result "0-1"]
[WhiteElo "2204"]
[BlackElo "2476"]
[PlyCount "98"]
[EventDate "2015.09.13"]
[EventType "team-tourn"]
[EventRounds "11"]
[EventCountry "HUN"]
[SourceTitle "EXT 2017"]
[Source "ChessBase"]
[SourceDate "2016.10.25"]
[SourceVersion "1"]
[SourceVersionDate "2016.10.25"]
[SourceQuality "1"]
[WhiteTeam "Zsambek"]
[BlackTeam "Biatorbagy"]
[WhiteTeamCountry "HUN"]
[BlackTeamCountry "HUN"]

1. d4 e6 2. c4 b6 3. a3 Bb7 4. Nc3 Nf6 5. Nf3 Ne4 6. Nxe4 Bxe4 7. e3 Be7 8. Bd3 Bxd3 9. Qxd3 0-0 10. 0-0 a5 11. b3 d6 12. Bb2 Nd7 13. Rad1 Bf6 14. e4 g6 15. e5 Bg7 16. Rfe1 Qe7 17. Bc1 h6 18. a4 dxe5 19. dxe5 Rfd8 20. Qc2 Qc5 21. Bb2 g5 22. Qe4 Nf8 23. h4 gxh4 24. Qxh4 Rxd1 25. Rxd1 Ng6 26. Qe4 Re8 27. g3 Ne7 28. Rd7 Rc8 29. Bc3 Qc6 30. Qxc6 Nxc6 31. Kf1 Nb8 32. Rd2 Na6 33. Bd4 Rd8 34. Ke2 Bf8 35. Be3 Rxd2+ 36. Nxd2 Kg7 37. Kd3 Kg6 38. Ke4 h5 39. Nf3 Nc5+ 40. Bxc5 Bxc5 41. Nd4 Kg5 42. f3 Bb4 43. Nc6 Be1 44. Nd8 Bxg3 45. Nxf7+ Kg6 46. Nd8 h4 47. f4 h3 48. Kf3 h2 49. Kg2 Kf5 0-1

[Event "HUN-chT2 Breyer 1516"]
[Site "Hungary"]
[Date "2015.12.06"]
[Round "6.1"]
[White "Gal, Tamas"]
[Black "Haszon, David"]
[Result "0-1"]
[WhiteElo "2204"]
[BlackElo "2219"]
[PlyCount "98"]
[EventDate "2015.09.13"]
[EventType "team-tourn"]
[EventRounds "11"]
[EventCountry "HUN"]
[SourceTitle "CBM 170 Extra"]
[Source "ChessBase"]
[SourceDate "2016.02.25"]
[SourceVersion "1"]
[SourceVersionDate "2016.02.25"]
[SourceQuality "1"]
[WhiteTeam "Zsambek"]
[BlackTeam "Kobanya Aquarena"]
[WhiteTeamCountry "HUN"]
[BlackTeamCountry "HUN"]

1. d4 Nf6 2. c4 g6 3. Nc3 d5 4. Bg5 Ne4 5. Bh4 Nxc3 6. bxc3 Bg7 7. e3 c5 8. Nf3 Nc6 9. cxd5 Qxd5 10. Be2 cxd4 11. cxd4 0-0 12. 0-0 Re8 13. Qa4 Bd7 14. Bc4 Qf5 15. Qa3 a6 16. Rac1 Bf8 17. Qb2 b5 18. Be2 Rec8 19. Bg3 Be6 20. Rc5 Bd5 21. Nd2 Qe6 22. e4 Bxe4 23. Nxe4 Qxe4 24. Bf3 Qxd4 25. Qc1 Na7 26. Rc7 Rxc7 27. Bxc7 Re8 28. Rd1 Qc4 29. Qxc4 bxc4 30. Rc1 Rc8 31. Bb6 Nb5 32. a4 Nd6 33. Kf1 Bh6 34. Rc2 c3 35. Ke2 Bg7 36. Kd3 Nc4 37. Bd4 Rd8 38. Kxc4 Rxd4+ 39. Kb3 a5 40. Kxc3 Rxa4+ 41. Kb3 Rb4+ 42. Ka3 Bd4 43. Bd5 Kg7 44. f3 Be5 45. h3 Bd6 46. Ka2 Rd4 47. Bc6 a4 48. Bb5 a3 49. Bc4 f5 0-1

[Event "HUN-chT2 Breyer 1516"]
[Site "Hungary"]
[Date "2015.09.13"]
[Round "1.1"]
[White "Csoli, Odon"]
[Black "Gal, Tamas"]
[Result "0-1"]
[WhiteElo "2199"]
[BlackElo "2204"]
[PlyCount "62"]
[EventDate "2015.09.13"]
[EventType "team-tourn"]
[EventRounds "11"]
[EventCountry "HUN"]
[SourceTitle "CBM 170 Extra"]
[Source "ChessBase"]
[SourceDate "2016.02.25"]
[SourceVersion "1"]
[SourceVersionDate "2016.02.25"]
[SourceQuality "1"]
[WhiteTeam "Szazhalombatta"]
[BlackTeam "Zsambek"]
[WhiteTeamCountry "HUN"]
[BlackTeamCountry "HUN"]

1. e4 c6 2. d4 d5 3. exd5 cxd5 4. c4 Nf6 5. Nc3 g6 6. cxd5 Nxd5 7. Bc4 Nb6 8. Bb3 Bg7 9. Be3 Nc6 10. Nf3 0-0 11. h3 Na5 12. Bc2 Be6 13. 0-0 Nd5 14. Qe2 Nxc3 15. bxc3 Rc8 16. Bd2 Nc4 17. Bb3 Bd5 18. Bg5 Qa5 19. Bf4 Qxc3 20. Rac1 Qb4 21. Ne5 Nb6 22. Nd3 Qxd4 23. Be3 Qe4 24. f3 Qf5 25. g4 Qd7 26. Nc5 Qd6 27. Kg2 Bxb3 28. axb3 Nd5 29. Rfd1 Qe5 30. Re1 Qxe3 31. Qxe3 Nxe3+ 0-1

[Event "HUN-chT2 Breyer 1415"]
[Site "Hungary"]
[Date "2014.11.16"]
[Round "4.8"]
[White "Peredy, Ferenc"]
[Black "Gal, Tamas"]
[Result "1-0"]
[WhiteElo "2195"]
[BlackElo "2260"]
[PlyCount "79"]
[EventDate "2014.09.07"]
[EventType "team-tourn"]
[EventRounds "11"]
[EventCountry "HUN"]
[SourceTitle "EXT 2016"]
[Source "ChessBase"]
[SourceDate "2015.10.08"]
[SourceVersion "1"]
[SourceVersionDate "2015.10.08"]
[SourceQuality "1"]
[WhiteTeam "Sarkany DSE"]
[BlackTeam "Zsambek"]
[WhiteTeamCountry "HUN"]
[BlackTeamCountry "HUN"]

1. e4 c6 2. d4 d5 3. Nc3 dxe4 4. Nxe4 Bf5 5. Ng3 Bg6 6. Bc4 e6 7. N1e2 Bd6 8. Nf4 Qc7 9. Nxg6 hxg6 10. Qf3 Nf6 11. c3 Nbd7 12. Bg5 Qa5 13. Bd2 Qb6 14. 0-0-0 0-0-0 15. Bg5 Rde8 16. h3 Qa5 17. h4 Qc7 18. Kb1 Ref8 19. Rhe1 Nh7 20. Ne4 Nxg5 21. hxg5 Be7 22. Bb3 Kb8 23. g3 Rh5 24. Qg4 Nb6 25. f4 a5 26. a3 Rd8 27. Qe2 Rdh8 28. Rd2 Rh1 29. Rxh1 Rxh1+ 30. Ka2 Nc8 31. a4 Nd6 32. Nc5 Nc8 33. Nd3 Bd6 34. Qf3 Rh8 35. Rd1 Ne7 36. c4 Qd7 37. g4 Rd8 38. Qe4 Rh8 39. d5 cxd5 40. cxd5 1-0

[Event "HUN-chT2 Breyer 1415"]
[Site "Hungary"]
[Date "2014.09.07"]
[Round "?"]
[White "Gal, Tamas"]
[Black "Szekeres, Tibor"]
[Result "1/2-1/2"]
[WhiteElo "2260"]
[BlackElo "2132"]
[PlyCount "102"]
[EventDate "2014.09.07"]
[EventType "team-tourn"]
[EventRounds "11"]
[EventCountry "HUN"]
[SourceTitle "EXT 2016"]
[Source "ChessBase"]
[SourceDate "2015.10.08"]
[SourceVersion "1"]
[SourceVersionDate "2015.10.08"]
[SourceQuality "1"]
[WhiteTeam "Zsambek"]
[BlackTeam "Pestszentlorinc"]
[WhiteTeamCountry "HUN"]
[BlackTeamCountry "HUN"]

1. d4 Nf6 2. c4 c5 3. e3 g6 4. Nc3 Bg7 5. Nf3 0-0 6. Bd3 d6 7. h3 Nbd7 8. 0-0 Re8 9. Qc2 a6 10. Rd1 Rb8 11. b3 Qa5 12. a4 Qc7 13. Bb2 b6 14. d5 e5 15. Nd2 Nf8 16. Rf1 Qe7 17. Rae1 Nh5 18. Be2 f5 19. Bxh5 gxh5 20. f4 e4 21. Kh2 Nd7 22. Rg1 Nf6 23. g3 Bd7 24. Ra1 Kh8 25. Ba3 Rg8 26. Rg2 h4 27. Rag1 hxg3+ 28. Rxg3 Bh6 29. Ne2 Rxg3 30. Nxg3 Rg8 31. Bb2 Bg7 32. Bc3 a5 33. Qb2 h6 34. Nb1 Kh7 35. Na3 Bh8 36. Nc2 Qf7 37. Ne1 Qg6 38. Rg2 Qf7 39. Rg1 Qg6 40. Rg2 Qf7 41. Kh1 Nh5 42. Nxh5 Bxc3 43. Qxc3 Qxh5 44. Rxg8 Qxh3+ 45. Kg1 Kxg8 46. Ng2 Kf7 47. Qh8 Qh5 48. Qd8 Qd1+ 49. Kf2 Qf3+ 50. Kg1 Qd1+ 51. Kf2 Qf3+ 1/2-1/2

[Event "Budapest op 4th"]
[Site "Budapest"]
[Date "2014.08.19"]
[Round "4"]
[White "Gal, Tamas"]
[Black "Zentai, Peter1111"]
[Result "1-0"]
[WhiteElo "2254"]
[BlackElo "2236"]
[PlyCount "75"]
[EventDate "2014.08.16"]
[EventType "swiss"]
[EventRounds "9"]
[EventCountry "HUN"]
[SourceTitle "CBM 161 Extra"]
[Source "ChessBase"]
[SourceDate "2014.08.29"]
[SourceVersion "1"]
[SourceVersionDate "2014.08.29"]
[SourceQuality "1"]

1. d4 Nf6 2. Nf3 e6 3. c4 b6 4. Bg5 Bb7 5. e3 Be7 6. Bd3 h6 7. Bh4 0-0 8. 0-0 d5 9. Nc3 c5 10. dxc5 bxc5 11. cxd5 exd5 12. Rc1 Nbd7 13. Qe2 Qa5 14. Rfd1 Rfd8 15. e4 d4 16. Nb5 a6 17. Na3 Re8 18. Nc4 Qc7 19. Bg3 Qd8 20. Re1 Nh5 21. Bc2 Nxg3 22. hxg3 a5 23. e5 Nf8 24. Nfd2 Qc7 25. f4 Bd5 26. Nf3 Qb7 27. Qd3 Bxc4 28. Qxc4 Qxb2 29. Bb3 Ne6 30. f5 Nd8 31. Qb5 Kf8 32. f6 Bxf6 33. exf6 Ne6 34. Rc2 Qa3 35. Bxe6 d3 36. Qxc5+ Qxc5+ 37. Rxc5 gxf6 38. Bb3 1-0

[Event "HUN-chT2 Breyer 1314"]
[Site "Hungary"]
[Date "2014.04.13"]
[Round "8.1"]
[White "Burghardt, Jozsef"]
[Black "Gal, Tamas"]
[Result "0-1"]
[WhiteElo "2217"]
[BlackElo "2228"]
[PlyCount "114"]
[EventDate "2013.09.08"]
[EventType "team-tourn"]
[EventRounds "9"]
[EventCountry "HUN"]
[SourceTitle "EXT 2016"]
[Source "ChessBase"]
[SourceDate "2015.10.08"]
[SourceVersion "1"]
[SourceVersionDate "2015.10.08"]
[SourceQuality "1"]
[WhiteTeam "Tatabanya Turul"]
[BlackTeam "Zsambek"]
[WhiteTeamCountry "HUN"]
[BlackTeamCountry "HUN"]

1. e4 c6 2. Nc3 d5 3. Qf3 dxe4 4. Nxe4 Nd7 5. d3 Ngf6 6. Bd2 g6 7. Bc3 Bg7 8. 0-0-0 0-0 9. Be2 e5 10. Bb4 Re8 11. Nd6 Re6 12. Nxc8 Rxc8 13. h4 Qb6 14. Ba3 Nd5 15. g4 Qa5 16. d4 e4 17. Qb3 b5 18. Bc5 Qc7 19. Nh3 Nxc5 20. dxc5 Qe5 21. f4 Nxf4 22. Nxf4 Qxf4+ 23. Kb1 Re7 24. h5 Qe5 25. hxg6 hxg6 26. Rd6 a5 27. Rhd1 Qxc5 28. Rd8+ Re8 29. R8d7 Re7 30. Rd8+ Re8 31. R8d7 Rf8 32. a4 Qe5 33. c3 Rb8 34. axb5 cxb5 35. Rf1 Bf6 36. g5 Qxg5 37. Rd5 Be5 38. Rd7 Bf6 39. Rd5 Be5 40. Rd7 Bf4 41. Rd5 Qf6 42. Bxb5 Rfd8 43. Rxd8+ Rxd8 44. Qc4 Qe5 45. Ba4 Kg7 46. Bb3 Rd7 47. Bc2 Re7 48. Bb3 e3 49. Bd1 Qe4+ 50. Qxe4 Rxe4 51. Be2 Bg3 52. Kc2 f5 53. Ra1 Re5 54. b4 axb4 55. cxb4 g5 56. Rg1 Bf4 57. b5 Kf6 0-1